[Event "South Island Championship 2009"]
[Site "Dunedin"]
[Date "2009.07.12"]
[Round "3.3"]
[White "Bennett, Hilton P"]
[Black "Aimers, Geoffrey"]
[Result "1-0"]
[WhiteElo "1997"]
[BlackElo "1815"]
[PlyCount "59"]
[EventDate "2009.??.??"]
[EventType "swiss"]
[EventRounds "8"]
[EventCountry "NZL"]

1. e4 e5 2. Bc4 Nf6 3. d3 Bc5 4. Nc3 O-O 5. f4 d6 6. f5 c6 7. Qf3 b5 8. Bb3 b4
9. Na4 Bxg1 10. Rxg1 d5 11. Be3 dxe4 12. dxe4 Na6 13. g4 Nxe4 14. Qxe4 Qh4+ 15.
Bf2 Qxh2 16. Rh1 Qf4 17. Qxf4 exf4 18. O-O-O Nc7 19. Rhe1 Nd5 20. Nc5 a5 21.
Bxd5 cxd5 22. Rxd5 a4 23. Rd4 Ra5 24. Rxb4 g5 25. Rxa4 Rb5 26. Ra7 h5 27. a4
Rb4 28. c3 Rc4 29. gxh5 Bxf5 30. Re5 1-0

[Event "South Island Championship 2009"]
[Site "Dunedin"]
[Date "2009.07.12"]
[Round "3.4"]
[White "Hothersall, Rik"]
[Black "Nijman, Arie J"]
[Result "1-0"]
[WhiteElo "1837"]
[BlackElo "1734"]
[PlyCount "145"]
[EventDate "2009.??.??"]
[EventType "swiss"]
[EventRounds "8"]
[EventCountry "NZL"]

1. d4 Nf6 2. Nf3 a6 3. c4 b5 4. cxb5 axb5 5. e3 c6 6. Bd3 e6 7. O-O Ba6 8. Qe2
b4 9. Nbd2 Bxd3 10. Qxd3 Qa5 11. e4 Qh5 12. Nb3 Na6 13. Bg5 Qg6 14. Rfd1 Qxe4
15. Qd2 Nd5 16. Re1 Qg6 17. Ne5 Qh5 18. Be3 Bd6 19. h3 Bxe5 20. dxe5 O-O 21.
Bd4 f5 22. exf6 gxf6 23. a3 bxa3 24. bxa3 Rf7 25. Rac1 Rg7 26. Re4 Qxh3 27. g3
Qf5 28. Rh4 e5 29. Be3 Qf3 30. Bh6 Rg6 31. Rb1 Rb8 32. Qc2 Ne3 33. Bxe3 Qd5 34.
Qc4 Qxc4 35. Rxc4 Kf7 36. Nd2 Rxb1+ 37. Nxb1 Ke6 38. Nc3 f5 39. Kf1 h5 40. Rh4
d5 41. Ra4 Nc7 42. Bb6 Ne8 43. Ke2 Nd6 44. Bc5 d4 45. Bxd6 Kxd6 46. Nd1 Rg7 47.
Nb2 Rb7 48. Rb4 Rc7 49. a4 Kd5 50. Kd3 e4+ 51. Kd2 f4 52. gxf4 Rf7 53. a5 Rxf4
54. Nd1 c5 55. Ra4 Rf7 56. a6 Ra7 57. Ra2 c4 58. Ra5+ Kc6 59. Rxh5 e3+ 60. Nxe3
dxe3+ 61. fxe3 Rc7 62. Ra5 c3+ 63. Kxc3 Kb6+ 64. Kb4 Ka7 65. e4 Re7 66. e5 Rc7
67. Rc5 Rh7 68. Ra5 Rh1 69. Kc5 Rd1 70. e6 Rd2 71. Kc6 Rd1 72. e7 Re1 73. Kd6
1-0

[Event "South Island Championship 2009"]
[Site "Dunedin"]
[Date "2009.07.12"]
[Round "3.5"]
[White "Gloistein, Bruce"]
[Black "Jackson, L Ross"]
[Result "0-1"]
[WhiteElo "1583"]
[BlackElo "1868"]
[PlyCount "80"]
[EventDate "2009.??.??"]
[EventType "swiss"]
[EventRounds "8"]
[EventCountry "NZL"]

1. e4 c5 2. Nf3 e6 3. Be2 d6 4. O-O Nf6 5. d3 Nc6 6. c3 Be7 7. h3 Qc7 8. Be3 d5
9. Nbd2 O-O 10. Bg5 dxe4 11. dxe4 Rd8 12. Qc2 b6 13. Rae1 Bb7 14. Bh4 Nh5 15.
Bxe7 Qxe7 16. Nh2 Nf4 17. Nhf3 Nxe2+ 18. Rxe2 Ba6 19. c4 Nd4 20. Nxd4 cxd4 21.
Qa4 Bb7 22. Rc1 e5 23. Qb3 Rac8 24. Qg3 b5 25. Ree1 Qb4 26. Red1 f6 27. Qg4 Rc6
28. b3 Bc8 29. Qf3 Be6 30. a3 Qxa3 31. Ra1 Qe7 32. Qg3 Qf7 33. Qh4 bxc4 34.
bxc4 Bxc4 35. Nf3 Rdc8 36. Rd2 a6 37. g4 Bb5 38. Ra3 Rc3 39. Rxc3 dxc3 40. Rc2
Bd3 0-1

[Event "South Island Championship 2009"]
[Site "Dunedin"]
[Date "2009.07.12"]
[Round "3.6"]
[White "Gold, Hamish R"]
[Black "Scarf, Rex"]
[Result "1-0"]
[WhiteElo "1772"]
[BlackElo "1650"]
[PlyCount "47"]
[EventDate "2009.??.??"]
[EventType "swiss"]
[EventRounds "8"]
[EventCountry "NZL"]

1. d4 d5 2. Nf3 Nf6 3. e3 Nc6 4. c3 g6 5. Bd3 Bg7 6. Nbd2 Nd7 7. e4 e6 8. O-O
O-O 9. Re1 Ne7 10. Nf1 dxe4 11. Rxe4 Nf5 12. Ng3 Nxg3 13. hxg3 Re8 14. Rh4 Nf8
15. Bh6 Bxh6 16. Rxh6 Kg7 17. Qd2 f6 18. Re1 a6 19. Kh2 Re7 20. Rh1 e5 21. dxe5
fxe5 22. Rh4 Rd7 23. Qh6+ Kh8 24. Nxe5 1-0

[Event "South Island Championship 2009"]
[Site "Dunedin"]
[Date "2009.07.12"]
[Round "3.7"]
[White "Hamilton, Andrew"]
[Black "Cooper, Nigel"]
[Result "0-1"]
[WhiteElo "1644"]
[BlackElo "1655"]
[PlyCount "82"]
[EventDate "2009.??.??"]
[EventType "swiss"]
[EventRounds "8"]
[EventCountry "NZL"]

1. d4 d5 2. Bf4 Nf6 3. Nc3 c6 4. Qd3 g6 5. Be5 Bg7 6. h3 Bf5 7. Qd2 O-O 8. g4
Be6 9. f3 Nbd7 10. Bf4 Nb6 11. b3 a5 12. a4 Nc8 13. h4 Nd6 14. h5 Qd7 15. hxg6
fxg6 16. Bh6 Rf7 17. O-O-O Raf8 18. Bxg7 Kxg7 19. e3 Bxg4 20. fxg4 Nxg4 21. Bh3
Rf2 22. Nge2 R8f3 23. Bxg4 Qxg4 24. Rdg1 Rg2 25. Kb2 Rff2 26. Rxg2 Qxg2 27. Re1
Ne4 28. Nxe4 dxe4 29. Kc1 h5 30. Kd1 Qf3 31. c4 h4 32. Qc3 h3 33. d5+ Kg8 34.
dxc6 bxc6 35. Qxa5 h2 36. Qd8+ Kf7 37. Qh8 Rxe2 38. Qh7+ Kf6 39. Qh4+ Kf5 40.
Qf4+ Qxf4 41. exf4 Rxe1+ 0-1

[Event "South Island Championship 2009"]
[Site "Dunedin"]
[Date "2009.07.12"]
[Round "3.8"]
[White "Siripornpitak, Boyd"]
[Black "Roura, Federico"]
[Result "1-0"]
[WhiteElo "1653"]
[BlackElo "1640"]
[PlyCount "63"]
[EventDate "2009.??.??"]
[EventType "swiss"]
[EventRounds "8"]
[EventCountry "NZL"]

1. e4 d6 2. d4 Nf6 3. Nc3 g6 4. Be3 Bg7 5. Qd2 Nc6 6. O-O-O Ng4 7. Nf3 Nxe3 8.
Qxe3 Bg4 9. d5 Bxf3 10. gxf3 Ne5 11. Be2 c5 12. Kb1 a6 13. f4 Nd7 14. Bg4 h5
15. Bxd7+ Qxd7 16. e5 O-O-O 17. Rhe1 Rhf8 18. Ne4 Qb5 19. Ng5 Kb8 20. c3 Bh6
21. Rd2 Qc4 22. b3 Qb5 23. e6 Bxg5 24. fxg5 f5 25. gxf6 Rxf6 26. Rg1 c4 27. b4
a5 28. Ka1 axb4 29. cxb4 Qxb4 30. Rb1 Rxe6 31. Rxb4 Rxe3 32. fxe3 1-0

[Event "South Island Championship 2009"]
[Site "Dunedin"]
[Date "2009.07.12"]
[Round "3.9"]
[White "Rains, Timothy"]
[Black "Keeling, Roy L"]
[Result "0-1"]
[WhiteElo "1292"]
[BlackElo "1453"]
[PlyCount "122"]
[EventDate "2009.??.??"]
[EventType "swiss"]
[EventRounds "8"]
[EventCountry "NZL"]

1. e4 e6 2. Nc3 c5 3. Nf3 a6 4. a4 d6 5. d4 cxd4 6. Nxd4 Bd7 7. Bd2 Nc6 8. Nxc6
Bxc6 9. Bd3 Be7 10. Qg4 Bf6 11. Nd1 Ne7 12. Bc3 Ng6 13. Bxf6 Qxf6 14. Nc3 O-O
15. O-O Rfd8 16. Rfd1 Rac8 17. Qg3 Ne5 18. Re1 Ng6 19. h3 h6 20. Qg4 Ne5 21.
Qg3 Rb8 22. b4 b5 23. a5 Rbc8 24. Na2 Bb7 25. Rac1 d5 26. exd5 Nxd3 27. Qxd3
Bxd5 28. Qa3 Qg6 29. f3 Rxc2 30. Rxc2 Qxc2 31. Nc3 Bb7 32. Rc1 Qg6 33. Ne4 Bxe4
34. fxe4 Qxe4 35. Qc3 Qd4+ 36. Qxd4 Rxd4 37. Rb1 e5 38. Kf2 g6 39. Ke3 Kg7 40.
g3 h5 41. h4 f5 42. Rb2 Rc4 43. Kf3 Rc3+ 44. Kf2 e4 45. Rb1 Kf6 46. Rd1 Ke5 47.
Rd8 Rc6 48. Ke3 Rd6 49. Re8+ Kd5 50. Rc8 Rc6 51. Rxc6 Kxc6 52. Kd4 Kd6 53. Kc3
Kd5 54. Kb3 Kd4 55. Ka2 e3 56. g4 fxg4 57. Kb2 e2 58. Kc2 e1=Q 59. Kb3 Qe3+ 60.
Kc2 Qc3+ 61. Kd1 Qb2 0-1

[Event "South Island Championship 2009"]
[Site "Dunedin"]
[Date "2009.07.12"]
[Round "3.10"]
[White "Mulligan, Allan W"]
[Black "Hamilton, Paul"]
[Result "0-1"]
[WhiteElo "1653"]
[BlackElo "1606"]
[PlyCount "76"]
[EventDate "2009.??.??"]
[EventType "swiss"]
[EventRounds "8"]
[EventCountry "NZL"]

1. d4 f5 2. Nf3 Nf6 3. e3 e6 4. c4 Be7 5. Bd2 Ne4 6. Nc3 Nxd2 7. Nxd2 O-O 8. h4
d6 9. Nf3 b6 10. d5 e5 11. e4 fxe4 12. Nxe4 Bg4 13. Qd3 Bxf3 14. gxf3 Rf4 15.
O-O-O Bxh4 16. Bh3 g6 17. Rdg1 Kg7 18. Kb1 Na6 19. Rg4 Qf8 20. Bg2 Be7 21. Ng5
Bxg5 22. Rxg5 Qf6 23. Rg3 Nc5 24. Qd2 Rh8 25. Rg4 Qf5+ 26. Qc2 Rxg4 27. Qxf5
gxf5 28. fxg4 fxg4 29. f3 h5 30. fxg4 hxg4 31. Rg1 Kg6 32. Bf3 Kf6 33. Bxg4 e4
34. b4 Nd3 35. Rf1+ Kg5 36. Be6 Nxb4 37. Rf5+ Kg6 38. Rf4 Rh1+ 0-1

[Event "South Island Championship 2009"]
[Site "Dunedin"]
[Date "2009.07.12"]
[Round "3.11"]
[White "Rains, Edward"]
[Black "Brockway, Andrew"]
[Result "0-1"]
[WhiteElo "1312"]
[BlackElo "1538"]
[PlyCount "136"]
[EventDate "2009.??.??"]
[EventType "swiss"]
[EventRounds "8"]
[EventCountry "NZL"]

1. d4 Nf6 2. Nf3 e6 3. Bg5 d5 4. e3 c5 5. Nbd2 Be7 6. Be2 b6 7. c4 cxd4 8. exd4
dxc4 9. Bxc4 Bb7 10. a3 O-O 11. O-O Nc6 12. Nb3 Rc8 13. Be2 Nd5 14. Bxe7 Ncxe7
15. Qd2 Ng6 16. g3 Qf6 17. Qg5 Qxg5 18. Nxg5 Rc2 19. Bf3 Rxb2 20. Rfb1 Rxb1+
21. Rxb1 Rc8 22. Ne4 Rc7 23. Rc1 Rxc1+ 24. Nxc1 Kf8 25. Ne2 Nf6 26. Ng5 Bxf3
27. Nxf3 Ke7 28. Nc3 a6 29. h3 h6 30. Kf1 Kd6 31. Nd2 Ne7 32. Nc4+ Kc7 33. Ne5
Ned5 34. Nxd5+ Nxd5 35. Nxf7 Nc3 36. Ke1 Nb5 37. a4 Nxd4 38. Ne5 b5 39. axb5
axb5 40. Nd3 Kd6 41. f4 Nc6 42. Kd2 Kd5 43. h4 Ne7 44. Ke3 Nf5+ 45. Kf3 Kd4 46.
Nb4 Kc4 47. Na2 b4 48. Nxb4 Kxb4 49. g4 Nxh4+ 50. Kg3 Ng6 51. f5 exf5 52. gxf5
Ne7 53. Kf4 Kc5 54. Kg4 Kd5 55. Kf4 Kd4 56. Kg4 Ke5 57. Kh5 Kxf5 58. Kh4 Nd5
59. Kh3 g5 60. Kg3 h5 61. Kh3 h4 62. Kg2 g4 63. Kh2 Kf4 64. Kg2 Ke3 65. Kg1 h3
66. Kh2 Kf2 67. Kh1 h2 68. Kxh2 g3+ 0-1

[Event "South Island Championship 2009"]
[Site "Dunedin"]
[Date "2009.07.12"]
[Round "3.12"]
[White "Clarkson, Robert D"]
[Black "Shierlaw, Hamish"]
[Result "0-1"]
[WhiteElo "1423"]
[BlackElo "1373"]
[PlyCount "110"]
[EventDate "2009.??.??"]
[EventType "swiss"]
[EventRounds "8"]
[EventCountry "NZL"]

1. c4 e5 2. Nc3 Nc6 3. e3 Nf6 4. d3 g6 5. g3 Bg7 6. Bg2 O-O 7. e4 d6 8. h3 Be6
9. Be3 Qd7 10. Qd2 Rfe8 11. Bh6 Bh8 12. Nf3 Ne7 13. b3 c5 14. Qc2 a6 15. Na4
Qc6 16. O-O b5 17. Nb2 Qc8 18. Ng5 Nc6 19. Nxe6 Qxe6 20. cxb5 axb5 21. Be3 Nb4
22. Qb1 Qd7 23. Bd2 Nc6 24. Rc1 Nd4 25. Kf1 b4 26. Nc4 Qc6 27. Be3 Nb5 28. Qb2
Nd7 29. Qd2 Nb6 30. Nb2 Qd7 31. Nc4 Nxc4 32. dxc4 Nd4 33. Bxd4 exd4 34. Qd3 Ra3
35. Re1 Qa7 36. e5 Rxe5 37. Rxe5 dxe5 38. Bd5 Kf8 39. Qf3 f5 40. Re1 Rxa2 41.
Bc6 Ra1 42. Qd5 Rxe1+ 43. Kxe1 Qe7 44. Bb5 Kg7 45. Kd2 e4 46. h4 Kh6 47. Qg8
Qg7 48. Qb8 Qe5 49. Qf8+ Bg7 50. Qd8 Qf6 51. Qc7 Qe5 52. Qd8 {(=)} e3+ 53. Kd3
Qe4+ 54. Ke2 d3+ 55. Ke1 Qh1# 0-1

[Event "South Island Championship 2009"]
[Site "Dunedin"]
[Date "2009.07.12"]
[Round "4.1"]
[White "Dolejs, Dan"]
[Black "Fraemohs, Peter"]
[Result "0-1"]
[WhiteElo "1693"]
[BlackElo "1853"]
[PlyCount "46"]
[EventDate "2009.??.??"]
[EventType "swiss"]
[EventRounds "8"]
[EventCountry "NZL"]

1. e4 d6 2. d4 g6 3. Nf3 Bg7 4. Bc4 a6 5. c3 b5 6. Bb3 Bb7 7. O-O Nc6 8. Bxf7+
Kxf7 9. Ng5+ Ke8 10. Ne6 Qd7 11. d5 Bf6 12. f4 Nd8 13. f5 Nxe6 14. fxe6 Qc8 15.
b3 c6 16. Qf3 cxd5 17. exd5 Qc5+ 18. Be3 Qxd5 19. Qg4 Qe4 20. Bf4 Nh6 21. Qh3
Nf5 22. g4 Bh4 23. gxf5 Qh1# 0-1

[Event "South Island Championship 2009"]
[Site "Dunedin"]
[Date "2009.07.12"]
[Round "4.2"]
[White "Croad, Nicholas"]
[Black "Bennett, Hilton P"]
[Result "1-0"]
[WhiteElo "2328"]
[BlackElo "1997"]
[PlyCount "67"]
[EventDate "2009.??.??"]
[EventType "swiss"]
[EventRounds "8"]
[EventCountry "NZL"]

1. d4 Nf6 2. c4 g6 3. Nc3 Bg7 4. Nf3 O-O 5. Bg5 d6 6. e3 c5 7. Be2 h6 8. Bh4
Bf5 9. O-O Ne4 10. Nxe4 Bxe4 11. Qb3 g5 12. Bg3 cxd4 13. h4 gxh4 14. Bxh4 Nc6
15. Nxd4 Nxd4 16. exd4 Bxd4 17. Rad1 Be5 18. Qe3 Bg6 19. f4 Bxb2 20. f5 Qb6 21.
Qxb6 axb6 22. fxg6 fxg6 23. Rd2 Bc3 24. Rc2 Bd4+ 25. Bf2 Bc5 26. Bf3 Rf6 27.
Bxc5 dxc5 28. Bxb7 Rd8 29. Bd5+ Kg7 30. Re2 Rd7 31. Rfe1 Kf8 32. a4 Ra7 33. Re6
Rxa4 34. Rxe7 1-0

[Event "South Island Championship 2009"]
[Site "Dunedin"]
[Date "2009.07.12"]
[Round "4.3"]
[White "Jackson, L Ross"]
[Black "Gold, Hamish R"]
[Result "1-0"]
[WhiteElo "1868"]
[BlackElo "1772"]
[PlyCount "89"]
[EventDate "2009.??.??"]
[EventType "swiss"]
[EventRounds "8"]
[EventCountry "NZL"]

1. d4 Nf6 2. c4 e6 3. Nc3 b6 4. e4 Bb7 5. Bd3 Nc6 6. Nf3 d6 7. O-O Be7 8. a3
O-O 9. Bc2 e5 10. d5 Nb8 11. b4 Nbd7 12. Ba4 Ne8 13. Bc6 Rb8 14. Nb5 a6 15. Na7
f5 16. Bxb7 Nef6 17. Nc6 Qe8 18. Bxa6 Nxe4 19. Bb5 Nc3 20. Nxe7+ Qxe7 21. Bg5
Qf7 22. Bxd7 Qxd7 23. Qc2 Ne4 24. Be3 h6 25. Nd2 Nf6 26. f4 Ng4 27. Rae1 Rbe8
28. h3 Nxe3 29. Rxe3 e4 30. Nb3 c6 31. dxc6 Qxc6 32. Nd4 Qb7 33. Qb3 Kh7 34.
Nb5 Rd8 35. Rd1 Rf6 36. Rd5 g5 37. fxg5 hxg5 38. Qd1 Kg6 39. Nxd6 Qb8 40. c5
bxc5 41. bxc5 Qc7 42. Qd2 Qa7 43. Kh1 Rh8 44. Rg3 f4 45. Rdxg5+ 1-0

[Event "South Island Championship 2009"]
[Site "Dunedin"]
[Date "2009.07.12"]
[Round "4.4"]
[White "Marko, Helmut P"]
[Black "Siripornpitak, Boyd"]
[Result "1/2-1/2"]
[WhiteElo "1847"]
[BlackElo "1653"]
[PlyCount "96"]
[EventDate "2009.??.??"]
[EventType "swiss"]
[EventRounds "8"]
[EventCountry "NZL"]

1. Nf3 Nf6 2. c4 e6 3. g3 c5 4. Bg2 d5 5. d3 dxc4 6. Qa4+ Bd7 7. Qxc4 Bc6 8.
O-O Be7 9. Nc3 O-O 10. Bg5 Nbd7 11. Rfd1 Nd5 12. Bxe7 Qxe7 13. d4 N5b6 14. Qb3
cxd4 15. Nxd4 Bxg2 16. Kxg2 Nf6 17. e4 Rfd8 18. Rac1 Rd7 19. Nf3 Rxd1 20. Rxd1
Rd8 21. Rxd8+ Qxd8 22. Qc2 h6 23. Nb5 a6 24. Nbd4 Nc8 25. Ne2 Ne7 26. h3 Nc6 {
(=)} 27. a3 Qd7 28. b4 Qd8 29. g4 Qc7 30. Ned4 Nd7 31. Nxc6 Qxc6 32. Qxc6 bxc6
33. a4 Kf8 34. Nd2 c5 35. b5 axb5 36. axb5 Ke7 37. Kf3 Nb6 38. Ke3 Kd6 39. Kd3
f6 40. f4 g5 41. f5 exf5 42. exf5 Kd5 43. Ne4 c4+ 44. Ke3 Ke5 45. Nc3 Nd5+ 46.
Kd2 Nb6 47. Ke3 Nd5+ 48. Kd2 Nb6 1/2-1/2

[Event "South Island Championship 2009"]
[Site "Dunedin"]
[Date "2009.07.12"]
[Round "4.5"]
[White "Aimers, Geoffrey"]
[Black "Hothersall, Rik"]
[Result "1/2-1/2"]
[WhiteElo "1815"]
[BlackElo "1837"]
[PlyCount "78"]
[EventDate "2009.??.??"]
[EventType "swiss"]
[EventRounds "8"]
[EventCountry "NZL"]

1. e4 c5 2. Nf3 d6 3. d4 cxd4 4. Nxd4 Nf6 5. Nc3 e6 6. Be2 a6 7. a4 Be7 8. O-O
O-O 9. Be3 Nc6 10. f4 Qc7 11. Nb3 Bd7 12. Kh1 b6 13. Qd2 Rfd8 14. Rad1 Bc8 15.
Bf3 Bb7 16. Qf2 Nd7 17. f5 Nce5 18. fxe6 fxe6 19. Nd4 Nc5 20. Qg3 Rf8 21. Bg4
Bxe4 22. Bxe6+ Kh8 23. Bf5 Bxf5 24. Nxf5 Rxf5 25. Rxf5 Qc6 26. Bxc5 Qxc5 27.
Nd5 Qxc2 28. Rdf1 Ng6 29. Nxe7 Nxe7 30. Rf8+ Rxf8 31. Rxf8+ Ng8 32. h3 Qxb2 33.
Qxd6 Qb3 34. Kh2 h6 35. Rb8 Kh7 36. Rxb6 Qxa4 37. Qg6+ Kh8 38. Rxa6 Qf4+ 39.
Qg3 Qd4 1/2-1/2

[Event "South Island Championship 2009"]
[Site "Dunedin"]
[Date "2009.07.12"]
[Round "4.6"]
[White "Cooper, Nigel"]
[Black "Nijman, Arie J"]
[Result "0-1"]
[WhiteElo "1655"]
[BlackElo "1734"]
[PlyCount "114"]
[EventDate "2009.??.??"]
[EventType "swiss"]
[EventRounds "8"]
[EventCountry "NZL"]

1. d4 Nf6 2. Bg5 e6 3. e4 Be7 4. e5 Nd5 5. Bxe7 Nxe7 6. Bd3 d5 7. c3 c5 8. dxc5
Qc7 9. b4 Qxe5+ 10. Ne2 Nd7 11. O-O Nf6 12. Nd4 a6 13. Qe2 Qxe2 14. Bxe2 O-O
15. a4 Bd7 16. Nd2 Rfb8 17. b5 Rc8 18. N4b3 e5 19. f3 Nh5 20. g3 Nf6 21. Rfe1
Be6 22. c4 d4 23. Bd3 Bf5 24. Be4 Bxe4 25. fxe4 Nd7 26. a5 Nxc5 27. Nxc5 Rxc5
28. Nb3 Rc7 29. b6 Rc6 30. c5 f6 31. Rac1 Ng6 32. Rc4 Nf8 33. Rec1 Ne6 34. Kf2
h5 35. Ke2 Kf7 36. Kf2 g5 37. Ke2 g4 38. Kf2 Ng5 39. Nd2 Rh8 40. Kg2 h4 41. Rh1
Ne6 42. Nb3 Rhc8 43. Rhc1 h3+ 44. Kf2 Kg6 45. Ke2 f5 46. Kd3 f4 47. gxf4 Nxf4+
48. Kd2 Ng2 49. R4c2 Ne3 50. Ra2 Kg5 51. Kd3 Rf8 52. Re2 Kh4 53. Rg1 Ng2 54.
Nxd4 exd4 55. Kxd4 Rd8+ 56. Kc4 Rdc8 57. Kd5 Nf4+ 0-1

[Event "South Island Championship 2009"]
[Site "Dunedin"]
[Date "2009.07.12"]
[Round "4.7"]
[White "Keeling, Roy L"]
[Black "Scarf, Rex"]
[Result "1-0"]
[WhiteElo "1453"]
[BlackElo "1650"]
[PlyCount "89"]
[EventDate "2009.??.??"]
[EventType "swiss"]
[EventRounds "8"]
[EventCountry "NZL"]

1. d4 d5 2. Nf3 Nf6 3. Bg5 e6 4. Nbd2 Be7 5. e3 b6 6. Bd3 Bb7 7. c3 Ne4 8. Bxe7
Qxe7 9. Bb5+ c6 10. Ba4 Nxd2 11. Qxd2 Nd7 12. Bc2 c5 13. Ba4 O-O 14. O-O c4 15.
Rfe1 a6 16. Bc2 f5 17. Qe2 b5 18. a3 a5 19. h3 Rf6 20. Kh2 a4 21. Rg1 Raf8 22.
Kh1 Rh6 23. Nh2 Nf6 24. f4 Nd7 25. Raf1 Kh8 26. Nf3 Rg8 27. Qf2 Rg6 28. Kh2 Rf6
29. Qh4 g6 30. Ng5 Rg7 31. Bd1 Kg8 32. Qg3 Kf8 33. Nf3 Ke8 34. Qg5 Rf8 35. Qh6
Nf6 36. Ng5 Kd7 37. Be2 Ne4 38. Nxe4 fxe4 39. Bg4 Rff7 40. Rf2 Rf6 41. Qg5 h6
42. Qe5 Rf8 43. Bxe6+ Qxe6 44. Qxg7+ Qe7 45. Qxg6 1-0

[Event "South Island Championship 2009"]
[Site "Dunedin"]
[Date "2009.07.12"]
[Round "4.8"]
[White "Gloistein, Bruce"]
[Black "Hamilton, Andrew"]
[Result "0-1"]
[WhiteElo "1583"]
[BlackElo "1644"]
[PlyCount "102"]
[EventDate "2009.??.??"]
[EventType "swiss"]
[EventRounds "8"]
[EventCountry "NZL"]

1. e4 e5 2. Nf3 d6 3. Nc3 c6 4. Bc4 Nd7 5. O-O g5 6. d4 g4 7. Bxf7+ Kxf7 8.
Ng5+ Ke7 9. d5 Ndf6 10. f4 h6 11. fxe5 Qb6+ 12. Kh1 dxe5 13. d6+ Ke8 14. Na4
Qb4 15. d7+ Bxd7 16. c3 Qb5 17. c4 Qxc4 18. b3 Qb4 19. a3 Qe7 20. Nf3 gxf3 21.
Qxf3 c5 22. Nc3 Bg4 23. Qf2 Be6 24. Rb1 b6 25. Qg3 Qf7 26. Be3 Bd6 27. Nb5 Nxe4
28. Nxd6+ Nxd6 29. Qxe5 Qe7 30. Qxh8 Kd7 31. Qc3 Rd8 32. Rbd1 Kc6 33. Qe5 Bxb3
34. Rxd6+ Rxd6 35. Qg3 Qd7 36. Qf3+ Bd5 37. Qe2 Re6 38. a4 c4 39. Qf2 Qg7 40.
Bd4 Bxg2+ 41. Qxg2+ Qxg2+ 42. Kxg2 Re2+ 43. Kg3 Ne7 44. h3 Nd5 45. Rc1 c3 46.
Kf3 Rd2 47. Ke4 Ra2 48. Kd3 Rxa4 49. Bxc3 Ra3 50. Kd2 Nxc3 51. Rxc3+ Rxc3 0-1

[Event "South Island Championship 2009"]
[Site "Dunedin"]
[Date "2009.07.12"]
[Round "4.9"]
[White "Roura, Federico"]
[Black "Brockway, Andrew"]
[Result "1/2-1/2"]
[WhiteElo "1640"]
[BlackElo "1538"]
[PlyCount "50"]
[EventDate "2009.??.??"]
[EventType "swiss"]
[EventRounds "8"]
[EventCountry "NZL"]

1. d4 Nf6 2. c4 e6 3. Nc3 Bb4 4. a3 Bxc3+ 5. bxc3 d6 6. Bg5 Nc6 7. e3 e5 8. Bd3
h6 9. Bh4 b6 10. f3 O-O 11. Ne2 Bb7 12. O-O Nb8 13. Qc2 Nbd7 14. Rfb1 Qe8 15.
a4 e4 16. fxe4 Nxe4 17. d5 Nef6 18. e4 Ng4 19. Bf2 Nxf2 20. Kxf2 Ne5 21. Nd4
Qe7 22. Nf3 Qf6 23. Rf1 Nxf3 24. gxf3 Qh4+ 25. Kg2 Rfe8 1/2-1/2

[Event "South Island Championship 2009"]
[Site "Dunedin"]
[Date "2009.07.12"]
[Round "4.10"]
[White "Rains, Timothy"]
[Black "Hamilton, Paul"]
[Result "1-0"]
[WhiteElo "1292"]
[BlackElo "1606"]
[PlyCount "69"]
[EventDate "2009.??.??"]
[EventType "swiss"]
[EventRounds "8"]
[EventCountry "NZL"]

1. e4 c5 2. Nf3 Nc6 3. Bc4 e6 4. Nc3 Bd6 5. d3 a6 6. Be3 Nge7 7. a3 f5 8. e5
Nxe5 9. Nxe5 Bxe5 10. Bxc5 d6 11. Be3 d5 12. Bb3 d4 13. Bd2 dxc3 14. Bxc3 Qc7
15. d4 Bxh2 16. Qh5+ g6 17. Qxh2 Qc6 18. d5 Nxd5 19. Bxh8 h5 20. O-O-O Ne7 21.
Bc3 Kf7 22. Qe5 Nd5 23. Rhe1 Nxc3 24. bxc3 a5 25. Qd6 Qe8 26. Qc7+ Kf6 27. Qd8+
Qe7 28. Qh8+ Kg5 29. f4+ Kg4 30. Qd8 Qxa3+ 31. Kb1 Kxf4 32. Rd4+ Kg3 33. Qh4+
Kxg2 34. Re2+ Kf3 35. Qf2# 1-0

[Event "South Island Championship 2009"]
[Site "Dunedin"]
[Date "2009.07.12"]
[Round "4.11"]
[White "Shierlaw, Hamish"]
[Black "Mulligan, Allan W"]
[Result "0-1"]
[WhiteElo "1373"]
[BlackElo "1653"]
[PlyCount "52"]
[EventDate "2009.??.??"]
[EventType "swiss"]
[EventRounds "8"]
[EventCountry "NZL"]

1. e4 c5 2. Nf3 Nc6 3. d4 cxd4 4. Nxd4 e5 5. Nf3 b6 6. Nc3 Nf6 7. Bb5 Qc7 8.
Bg5 Bb4 9. Bxf6 Bxc3+ 10. bxc3 gxf6 11. Qd2 h6 12. O-O Bb7 13. Rab1 O-O-O 14.
Bd3 d5 15. Qe3 Kb8 16. Rfd1 f5 17. exd5 f4 18. Qe4 Ne7 19. Qxe5 Nxd5 20. Qxc7+
Kxc7 21. Rb3 Rhg8 22. Be4 Ne3 23. Rxd8 Rxg2+ 24. Kh1 Rxf2 25. Rd2 Rf1+ 26. Ng1
Bxe4+ 0-1

[Event "South Island Championship 2009"]
[Site "Dunedin"]
[Date "2009.07.12"]
[Round "4.12"]
[White "Rains, Edward"]
[Black "Clarkson, Robert D"]
[Result "1-0"]
[WhiteElo "1312"]
[BlackElo "1423"]
[PlyCount "47"]
[EventDate "2009.??.??"]
[EventType "swiss"]
[EventRounds "8"]
[EventCountry "NZL"]

1. e4 e5 2. Nf3 d6 3. Bc4 Be7 4. d3 Nf6 5. h3 O-O 6. g4 h6 7. g5 hxg5 8. Nxg5
c6 9. Nf3 Bd7 10. Nh4 d5 11. exd5 cxd5 12. Bb3 Nc6 13. Rg1 Nh5 14. Qxh5 Bxh4
15. Bh6 Qa5+ 16. c3 Nd4 17. Bxg7 Nf3+ 18. Qxf3 Rfe8 19. Bf6+ Kf8 20. Bxh4 e4
21. Qh5 exd3+ 22. Kd1 f6 23. Qh8+ Kf7 24. Qxf6# 1-0

[Event "South Island Championship 2009"]
[Site "Dunedin"]
[Date "2009.07.13"]
[Round "5.1"]
[White "Fraemohs, Peter"]
[Black "Jackson, L Ross"]
[Result "1/2-1/2"]
[WhiteElo "1853"]
[BlackElo "1868"]
[PlyCount "72"]
[EventDate "2009.??.??"]
[EventType "swiss"]
[EventRounds "8"]
[EventCountry "NZL"]

1. d4 f5 2. g3 Nf6 3. Bg2 g6 4. Nh3 Bg7 5. O-O O-O 6. Nd2 c6 7. Nf4 g5 8. Nd3
d6 9. c3 Be6 10. e4 fxe4 11. Nxe4 Nxe4 12. Bxe4 d5 13. Nc5 Bc8 14. Bc2 b6 15.
Qh5 Bf5 16. Bxf5 Rxf5 17. Ne6 Qd7 18. Nxg7 Kxg7 19. Bxg5 Na6 20. Rae1 Re8 21.
g4 Rf7 22. Bh6+ Kg8 23. Re5 e6 24. Rfe1 Nc7 25. R1e3 Qe7 26. g5 Rf4 27. Rg3 Rf5
28. Rxf5 exf5 29. Re3 Qd7 30. g6 Rxe3 31. gxh7+ Qxh7 32. Qg5+ Kf7 33. Qxe3 Ne6
34. h4 Qg6+ 35. Kf1 Qg4 36. Qg3 Qe4 1/2-1/2

[Event "South Island Championship 2009"]
[Site "Dunedin"]
[Date "2009.07.13"]
[Round "5.2"]
[White "Hothersall, Rik"]
[Black "Croad, Nicholas"]
[Result "0-1"]
[WhiteElo "1837"]
[BlackElo "2328"]
[PlyCount "60"]
[EventDate "2009.??.??"]
[EventType "swiss"]
[EventRounds "8"]
[EventCountry "NZL"]

1. d4 Nf6 2. c4 e6 3. Nf3 c5 4. e3 b6 5. Bd3 Bb7 6. O-O cxd4 7. exd4 Be7 8. b3
O-O 9. Bb2 d5 10. Nbd2 Nbd7 11. Re1 Bd6 12. Ne5 Rc8 13. f4 Bb4 14. Nxd7 Qxd7
15. Re3 Qc7 16. Re5 Bd6 17. Qc2 h6 18. Rae1 Qc6 19. R1e3 dxc4 20. Nxc4 Bxe5 21.
Rxe5 b5 22. Rc5 bxc4 23. Rxc6 cxd3 24. Qxd3 Bxc6 25. Ba3 Rfd8 26. Bc5 Ra8 27.
b4 a6 28. a3 Ne4 29. Qc2 Nxc5 30. dxc5 Rd4 0-1

[Event "South Island Championship 2009"]
[Site "Dunedin"]
[Date "2009.07.13"]
[Round "5.3"]
[White "Siripornpitak, Boyd"]
[Black "Dolejs, Dan"]
[Result "1-0"]
[WhiteElo "1653"]
[BlackElo "1693"]
[PlyCount "47"]
[EventDate "2009.??.??"]
[EventType "swiss"]
[EventRounds "8"]
[EventCountry "NZL"]

1. e4 c5 2. Nf3 Nc6 3. d4 cxd4 4. Nxd4 e6 5. Nc3 Bb4 6. Ndb5 d6 7. a3 Bxc3+ 8.
bxc3 Ke7 9. Be2 a6 10. Nd4 e5 11. Nb3 Be6 12. a4 Qc7 13. a5 Nf6 14. Qd3 Bxb3
15. cxb3 Nxa5 16. c4 Nc6 17. Ba3 Qa5+ 18. Kf1 Qc7 19. Rd1 Nd4 20. f4 Ke6 21.
fxe5 dxe5 22. Qh3+ Ng4 23. Rxd4 exd4 24. Qxg4+ 1-0